000 00880nam a22002297a 4500
999 _c11608
_d11608
003 AR-CdUCM
008 190404b ||||| |||| 00| 0 spa d
040 _aMUNICIPALIDAD PROVINCIAL DEL CUSCO
_cBIBLIOTECA MUNICIPAL DEL CUSCO
082 _23ed
_a621.882 / 1943 /
_bM959
100 _aMüller, Otto Max.
_929058
245 _aRoscado y cálculo de las ruedas para roscar /
260 _aBarcelona :
_bEdit. Labor,
_c1943.
300 _a208 páginas ;
_bIlustraciones,
_c21 cm.
500 _aTrabajos de taller, guía practica del mecánico moderno.
505 _aContenido: Principios fundamentales -- Herramientas de corte para roscar -- El corte de la rosca -- Terrajas -- Machos para roscar.
650 _aTorno
_929059
650 _aMecánica
_918682
650 _aEspirales
_929060
700 _aKnappe, Georg
_929061
942 _2ddc
_cLIBROS
945 _adavv
_d04/04/2019